000 00926nam a2200229Ii 4500
003 JO-AjNU
008 230605s9999||||xx |||||||||||||| ||und||
017 _a2009/15221
020 _a978-977-744-045-8
040 _aJO-AjNU
_bara
_erda
_cJO-AjNU
041 _aara
050 1 4 _aHG4012.5 2010
100 3 _aتأليف: القدومي، ثائر / م. مشارك: سامر بركات,
_eauthor
_933800
245 0 0 _aانظمة المعلومات المالية والمصرفية
250 _aط1
264 3 1 _aالقاهرة: الشركة العربية المتحدة للتسويق والتوريدات، 2010
300 _a275ص
_bيحتوي على ببلوغرافية وقائمة مصطلحات من 274-275ص
336 _atext
_btxt
_2rdacontent
337 _aunmediated
_bn
_2rdamedia
338 _avolume
_bnc
_2rdacarrier
650 4 _aانظمة المعلومات المالية والمصرفية
_933801
999 _aA13794
_c17362
_d17362